K významnému životnému jubileu Prof. JUDr. Ľudovíta Tótha, CSc
Stručná informácia o životných cieľoch a pedagogických, vedeckých ako aj riadiacích aktivitách prof. JUDr Ľudovíta Tótha, CSc.
Guardado en:
| Autor principal: | |
|---|---|
| Formato: | Capítulo de libro |
| Lenguaje: | eslovaco |
| Materias: | |
| Etiquetas: |
Sin Etiquetas, Sea el primero en etiquetar este registro!
|
MARC
| LEADER | 00000naa$a2200000$$$4500 | ||
|---|---|---|---|
| 001 | 0044402 | ||
| 005 | 20240502071523.5 | ||
| 041 | 0 | |a slo | |
| 044 | |a SK | ||
| 245 | 1 | 0 | |a K významnému životnému jubileu Prof. JUDr. Ľudovíta Tótha, CSc |c Víťazoslav Balhar |
| 520 | |a Stručná informácia o životných cieľoch a pedagogických, vedeckých ako aj riadiacích aktivitách prof. JUDr Ľudovíta Tótha, CSc. | ||
| 610 | 2 | 0 | |a životopisy |
| 610 | 2 | 0 | |a veda ekonomická |
| 610 | 2 | 0 | |a výskum |
| 610 | 2 | 0 | |a vyučovanie |
| 610 | 2 | 0 | |a výučba vedecká |
| 610 | 2 | 0 | |a Tóth, Ľ. |
| 610 | 2 | 0 | |a školy vysoké |
| 100 | 1 | |a Balhar, Víťazoslav | |